<?xml version="1.0" encoding="UTF-8"?>
<record
    xmlns:xsi="http://www.w3.org/2001/XMLSchema-instance"
    xsi:schemaLocation="http://www.loc.gov/MARC21/slim http://www.loc.gov/standards/marcxml/schema/MARC21slim.xsd"
    xmlns="http://www.loc.gov/MARC21/slim">

  <leader>01218cam a2200277 a 4500</leader>
  <controlfield tag="005">20151211092940.0</controlfield>
  <controlfield tag="008">141205s2014                  000 0 eng u</controlfield>
  <datafield tag="020" ind1=" " ind2=" ">
    <subfield code="a">9789264208285</subfield>
  </datafield>
  <datafield tag="020" ind1=" " ind2=" ">
    <subfield code="a">9789264208292 (PDF)</subfield>
  </datafield>
  <datafield tag="040" ind1=" " ind2=" ">
    <subfield code="a">CO-BoFUB</subfield>
    <subfield code="c">CO-BoIAVH</subfield>
    <subfield code="d">CO-BoIAVH</subfield>
  </datafield>
  <datafield tag="041" ind1="0" ind2=" ">
    <subfield code="a">spa</subfield>
  </datafield>
  <datafield tag="044" ind1=" " ind2=" ">
    <subfield code="a">cl</subfield>
  </datafield>
  <datafield tag="082" ind1="0" ind2="4">
    <subfield code="a">333.714</subfield>
    <subfield code="b">O15e</subfield>
  </datafield>
  <datafield tag="110" ind1="1" ind2=" ">
    <subfield code="a">Organizaci&#xF3;n para la Cooperaci&#xF3;n y el Desarrollo Econ&#xF3;micos (Par&#xED;s)</subfield>
  </datafield>
  <datafield tag="245" ind1="1" ind2="0">
    <subfield code="a">Evaluaciones del desempe&#xF1;o ambiental :</subfield>
    <subfield code="b">Colombia /</subfield>
    <subfield code="c">Publicaci&#xF3;n conjunta de la OCDE y la CEPAL.</subfield>
  </datafield>
  <datafield tag="260" ind1=" " ind2=" ">
    <subfield code="a">Santiago de Chile? :</subfield>
    <subfield code="b">Naciones Unidas ; CEPAL,</subfield>
    <subfield code="c">c2014-</subfield>
  </datafield>
  <datafield tag="300" ind1=" " ind2=" ">
    <subfield code="a">255 p&#xE1;ginas :</subfield>
    <subfield code="b">tablas, gr&#xE1;ficas ;</subfield>
    <subfield code="c">27 x 21 cm.</subfield>
  </datafield>
  <datafield tag="504" ind1=" " ind2=" ">
    <subfield code="a">Incluye bibliograf&#xED;as.</subfield>
  </datafield>
  <datafield tag="610" ind1=" " ind2="6">
    <subfield code="a">Organizaci&#xF3;n para la Cooperaci&#xF3;n y el Desarrollo Econ&#xF3;micos (Par&#xED;s)</subfield>
    <subfield code="v">Informes</subfield>
  </datafield>
  <datafield tag="610" ind1=" " ind2="6">
    <subfield code="a">Naciones Unidas.</subfield>
    <subfield code="b">Comisi&#xF3;n Econ&#xF3;mica para Am&#xE9;rica Latina y el Caribe</subfield>
    <subfield code="x">Programas ambientales</subfield>
  </datafield>
  <datafield tag="650" ind1=" " ind2="6">
    <subfield code="a">Gesti&#xF3;n ambiental</subfield>
    <subfield code="z">Colombia</subfield>
  </datafield>
  <datafield tag="650" ind1=" " ind2="6">
    <subfield code="a">Protecci&#xF3;n del medio ambiente</subfield>
    <subfield code="z">Colombia</subfield>
  </datafield>
  <datafield tag="650" ind1=" " ind2="6">
    <subfield code="a">Pol&#xED;tica ambiental</subfield>
    <subfield code="z">Colombia</subfield>
  </datafield>
  <datafield tag="710" ind1="2" ind2=" ">
    <subfield code="a">Naciones Unidas.</subfield>
    <subfield code="b">Comisi&#xF3;n Econ&#xF3;mica para Am&#xE9;rica Latina y el Caribe</subfield>
  </datafield>
  <datafield tag="942" ind1=" " ind2=" ">
    <subfield code="2">ddc</subfield>
    <subfield code="c">LIBRO</subfield>
  </datafield>
  <datafield tag="999" ind1=" " ind2=" ">
    <subfield code="c">17903</subfield>
    <subfield code="d">17903</subfield>
  </datafield>
  <datafield tag="952" ind1=" " ind2=" ">
    <subfield code="0">0</subfield>
    <subfield code="1">0</subfield>
    <subfield code="2">ddc</subfield>
    <subfield code="4">0</subfield>
    <subfield code="7">0</subfield>
    <subfield code="8">GENERAL</subfield>
    <subfield code="I">INV2017</subfield>
    <subfield code="a">Bogota</subfield>
    <subfield code="b">Bogota</subfield>
    <subfield code="d">2015-12-11</subfield>
    <subfield code="e">Instituto</subfield>
    <subfield code="g">39000.00</subfield>
    <subfield code="l">0</subfield>
    <subfield code="o">LB-333.714 O15e</subfield>
    <subfield code="p">039514</subfield>
    <subfield code="r">2015-12-11 00:00:00</subfield>
    <subfield code="t">Ej. 1</subfield>
    <subfield code="w">2015-12-11</subfield>
    <subfield code="x">Donaci&#xF3;n</subfield>
    <subfield code="y">LIBRO</subfield>
  </datafield>
</record>
